Foundations of nanomechanics: From solid-state theory to Device applications (Record no. 120321)

MARC details
000 -LEADER
fixed length control field 00406nam a2200145Ia 4500
008 - FIXED-LENGTH DATA ELEMENTS--GENERAL INFORMATION
fixed length control field 230917s9999||||xx |||||||||||||| ||und||
040 ## - CATALOGING SOURCE
-- 106434
Original cataloging agency VIVEKANANDA LIBRARY
041 ## - Language
-- English
082 ## - DDC NUMBER
Classification number 620.5 C589F
100 ## - MAIN ENTRY--PERSONAL NAME
Personal name Cleland, Andrew N
245 #0 - TITLE STATEMENT
Title Foundations of nanomechanics: From solid-state theory to Device applications
260 ## - PUBLICATION, DISTRIBUTION, ETC. (IMPRINT)
Place of publication, distribution, etc Berlin
Name of publisher, distributor, etc Springer-Verlag
Date of publication, distribution, etc 2003
300 ## - PHYSICAL DESCRIPTION
Pages 436 p.
942 ## - ADDED ENTRY ELEMENTS (KOHA)
Koha item type Books
Holdings
Withdrawn status Lost status Damaged status Not for loan Location (home branch) Sublocation or collection (holding branch) Date acquired Koha issues (times borrowed) Koha full call number Accession No. Koha date last seen Koha item type
        VIVEKANANDA LIBRARY VIVEKANANDA LIBRARY 21/06/2005   620.5 C589F 212822 17/09/2023 Books
        VIVEKANANDA LIBRARY VIVEKANANDA LIBRARY 21/06/2005   620.5 C589F 228459 17/09/2023 Books
        VIVEKANANDA LIBRARY VIVEKANANDA LIBRARY 21/06/2005   620.5 C589F 235553 17/09/2023 Books
© Designed and Maintained by Vivekananda Library, MDU Rohtak